Cálculo por computadora de estructuras de hormigón armado: diseño por plotter o impresora
Uloženo v:
| Hlavní autor: | |
|---|---|
| Médium: | Kniha |
| Jazyk: | španělština |
| Vydáno: |
Madrid
McGraw Hill Interamericana
1996
|
| Vydání: | 2a. ed |
| Témata: | |
| Tagy: |
Přidat tag
Žádné tagy, Buďte první, kdo vytvoří štítek k tomuto záznamu!
|
MARC
| LEADER | 00000nam a2200000 a 4500 | ||
|---|---|---|---|
| 001 | UCT5588 | ||
| 003 | CL-VaPUC | ||
| 008 | 961216e19960000SP |||||||||||||||||spa|d | ||
| 082 | 0 | 4 | |a 693.54 |b GAR |2 21 |
| 100 | |a García-Badell Lapetra, José Javier |e author |9 437411 | ||
| 245 | 1 | 0 | |a Cálculo por computadora de estructuras de hormigón armado: diseño por plotter o impresora |
| 250 | |a 2a. ed | ||
| 300 | |a 513 p | ||
| 942 | |c BK | ||
| 945 | |d 19961216 00:00:00 |a nastorga | ||
| 260 | |a Madrid |b McGraw Hill Interamericana |c 1996 | ||
| 500 | |a Incluye 2 diskette | ||
| 650 | 7 | |a HORMIGON ARMADO |2 CL-VaPUC |9 375140 | |
| 650 | 0 | |a Armaduras estructurales |9 262531 | |
| 650 | 0 | |a Estructuras |9 271908 | |
| 650 | 7 | |a CALCULOS |2 CL-VaPUC |9 351735 | |
| 650 | 0 | |a Informática |9 260044 | |
| 650 | 0 | |a Aplicaciones de computadores |9 260401 | |
| 650 | 0 | |a Gráficos por computador |9 262412 | |
| 583 | |a last modification |c 19961216 00:00:00 |k Rodrigo Vera | ||
| 999 | |c 254487 |d 254485 | ||
| 952 | |0 0 |1 0 |4 0 |6 693_540000000000000_GAR_1996 |7 0 |8 A |9 276185 |a BIBING |b BIBING |d 2019-11-19 |i 3260070 |o 693.54 GAR 1996 |p 3260070 |r 2025-01-20 |w 2019-11-19 |y BK |k CCL | ||
| 952 | |0 0 |1 0 |4 0 |6 693_540000000000000_GAR_1996 |7 0 |8 A |9 276186 |a BIBARQ |b BIBARQ |d 2019-11-19 |i 3342026 |o 693.54 GAR 1996 |p 3342026 |r 2025-01-20 |w 2019-11-19 |y BK |k ARQ | ||